| 000 | 00870nam a22002057a 4500 | ||
|---|---|---|---|
| 999 |
_c196332 _d196332 |
||
| 005 | 20230703162222.0 | ||
| 010 | _aB-754849-860 CHEN 25.5.23 | ||
| 020 |
_a9788123725741 _c50.00 |
||
| 035 | _aB-754849-860 | ||
| 037 | _bNational Book Trust, India | ||
| 082 | _a230.91 | ||
| 100 | _aSharma,Sheila | ||
| 245 |
_aA Journey To Gaumukh / _cby Sheila Sharma |
||
| 260 |
_aNew Delhi _bNational Book Trust, India _c2022 |
||
| 270 |
_aNehru Bhawan, 5 Institutional Area, Phase-II Vasant Kunj _bNew Delhi _e110070 |
||
| 300 |
_a64p. _c20cm(pbk) |
||
| 490 | _aNehru Bal Pustakalaya | ||
| 942 |
_2ddc _cCH _mSHA _h230.91 |
||